[Event "Hofheim Spring op-C 2nd"]
[Site "Hofheim"]
[Date "2014.04.26"]
[Round "7"]
[White "Droeser, Wolfgang"]
[Black "Hipler, Udo"]
[Result "1/2-1/2"]
[WhiteElo "1474"]
[BlackElo "1420"]
[PlyCount "34"]
[EventDate "2014.04.23"]
[EventType "swiss"]
[EventRounds "7"]
[EventCountry "GER"]
[SourceTitle "CBM 160 Extra"]
[Source "ChessBase"]
[SourceDate "2014.07.01"]
[SourceVersion "1"]
[SourceVersionDate "2014.07.01"]
[SourceQuality "1"]

1. f4 d5 2. Nf3 Nf6 3. e3 g6 4. b3 Bg7 5. Bb2 0-0 6. Bd3 c5 7. Nc3 a6 8. Ne2 Nc6 9. Ng3 Nb4 10. a3 Nxd3+ 11. cxd3 Bg4 12. 0-0 Qb6 13. Qc2 Bxf3 14. Rxf3 Rac8 15. Rb1 d4 16. e4 Nd7 17. e5 Qc6 1/2-1/2

[Event "Hofheim Spring op-C 2nd"]
[Site "Hofheim"]
[Date "2014.04.26"]
[Round "6"]
[White "Hipler, Udo"]
[Black "Engel, Jan"]
[Result "0-1"]
[WhiteElo "1420"]
[BlackElo "1212"]
[PlyCount "56"]
[EventDate "2014.04.23"]
[EventType "swiss"]
[EventRounds "7"]
[EventCountry "GER"]
[SourceTitle "CBM 160 Extra"]
[Source "ChessBase"]
[SourceDate "2014.07.01"]
[SourceVersion "1"]
[SourceVersionDate "2014.07.01"]
[SourceQuality "1"]

1. g3 d5 2. Nf3 Nc6 3. Bg2 Nf6 4. 0-0 e5 5. d3 Bd6 6. c4 dxc4 7. dxc4 0-0 8. b3 Bf5 9. Bb2 Qd7 10. Re1 Rad8 11. Nc3 Qc8 12. Qc1 Rfe8 13. e4 Bh3 14. Bh1 Bc5 15. Na4 Bd4 16. Nc3 h6 17. Nd5 Rd6 18. Bxd4 Nxd4 19. Nxd4 exd4 20. e5 Rde6 21. Nxf6+ gxf6 22. Qxh6 Rxe5 23. Red1 Qg4 24. Qd2 Re2 25. Qb4 Rxf2 26. Re1 Ree2 27. Rxe2 Qxe2 28. Qxb7 Qf1+ 0-1